000 00804cab a2200241 4500
001 WB3218-11
008 090401t1996 xxu||||| |||| 00| 0 eng d
035 _a(Sirsi) u56629
041 _aeng
245 _aExtension of PFI curbed
260 _c1996
350 _a0
490 _aFinancial Times
_v9 May 1996, 8(1)
520 _aA Court of Appeal decision that Credit Suisse cannot recover £17m loans guaranteed by two councils has dealt a blow to the government`s plans to extend the PFI to local authorities.
650 _aCREDIT SUISSE V ALDERDALE BC
650 _aCREDIT SUISSE V WALTHAM FOREST LBC
650 _aLOCAL AUTHORITIES
650 _aPFI
650 _aPRIVATE FINANCE INITIATIVE
690 _aPROPERTY-PROPERTY FINANCE AND INVESTMENT
942 _n0
948 _c04/03/1997
999 _c34553
_d34553